Score 0/13 Timer 04:00
0 Plays Today
% Correct
Washington Wizards
74.8%
Golden State Warriors
71.9%
Chicago White Sox
67.1%
Cleveland Browns
62.3%
Seattle Seahawks
60.8%
Atlanta Hawks
59.6%
Dallas Cowboys
58.4%
Minnesota Wild
50.3%
Minnesota Timberwolves
49.5%
Chicago Blackhawks
48.4%
Detroit Red Wings
48.3%
Milwaukee Brewers
47.2%
Minnesota Twins
45.9%
Remove Ads.
Support Sporcle.
Get the best of Sporcle when you Go Orange. This ad-free experience offers more features, more stats, and more fun while also helping to support Sporcle. Thank you for becoming a member.

You're not logged in!

Compare scores with friends on all Sporcle quizzes.
OR
Log In

Show Comments

Extras

Top Quizzes Today


Score Distribution

Your Account Isn't Verified!

In order to create a playlist on Sporcle, you need to verify the email address you used during registration. Go to your Sporcle Settings to finish the process.

Report this User

Report this user for behavior that violates our Community Guidelines.

Details: